|
|
|
|
| LEADER |
01091nam a2200265 a 4500 |
| 001 |
010142076-5 |
| 008 |
101228r20072006enkab b 001 0 eng d |
| 999 |
|
|
|c 10261
|d 10261
|
| 020 |
|
|
|a 0714124362 (pbk.)
|
| 020 |
|
|
|a 9780714124360 (pbk.)
|
| 040 |
|
|
|a UKM
|c UKM
|d YDXCP
|d OCLCQ
|d OUN
|d NDD
|d IXA
|d BD-DhAAL
|
| 082 |
0 |
4 |
|a 398.2095414
|2 22
|
| 100 |
1 |
|
|a Blurton, T. Richard.
|9 32382
|
| 245 |
1 |
0 |
|a Bengali myths /
|c T. Richard Blurton.
|
| 260 |
|
|
|a London :
|b British Museum,
|c c2006 [reprinted 2007].
|
| 300 |
|
|
|a 80 p. :
|b col. ill., map ;
|c 24 cm.
|
| 490 |
0 |
|
|a The legendary past
|
| 504 |
|
|
|a Includes bibliographical references (p. 79) and index.
|
| 526 |
|
|
|a ARC
|
| 541 |
1 |
|
|e 00021636
|
| 650 |
|
0 |
|a Mythology, Indic
|z Bangladesh.
|9 32383
|
| 650 |
|
0 |
|a Mythology, Indic
|z India
|z West Bengal.
|9 32384
|
| 852 |
4 |
|
|a Ayesha Abed Library
|c General Shelf.
|
| 942 |
|
|
|2 ddc
|c BK
|
| 952 |
|
|
|0 0
|1 0
|2 ddc
|4 0
|6 398_209541400000000_BLU
|7 0
|9 13711
|a BRACUL
|b BRACUL
|c GEN
|d 2010-12-30
|e Zeenat Book Supply Ltd.
|g 1168.00
|l 13
|m 83
|o 398.2095414 BLU
|p 3010021636
|q 2026-05-18
|r 2025-10-16
|s 2025-10-16
|t 1
|w 2010-12-30
|y BK
|